Quest to Learn (Record no. 14875)
[ view plain ]
| 000 -LEADER | |
|---|---|
| fixed length control field | 00860nam a2200133Ia 4500 |
| 008 - FIXED-LENGTH DATA ELEMENTS--GENERAL INFORMATION | |
| fixed length control field | 220615s9999||||xx |||||||||||||| ||und|| |
| 020 ## - INTERNATIONAL STANDARD BOOK NUMBER | |
| International Standard Book Number | 9780260000000 |
| 100 ## - MAIN ENTRY--PERSONAL NAME | |
| Personal name | Tekinbas, Katie Salen||Torres, Robert||Wolozin, Loretta||Rufo-Tepper, Rebecca||Shapiro, Arana |
| 245 #0 - TITLE STATEMENT | |
| Title | Quest to Learn |
| Remainder of title | Developing the School for Digital Kids |
| 546 ## - LANGUAGE NOTE | |
| Language note | English[eng] |
| 650 ## - SUBJECT ADDED ENTRY--TOPICAL TERM | |
| Topical term or geographic name entry element | innovation||education innovation||hands on learning||educational games||learning games||primary education||primary school||secondary education||secondary school||middle school||high school||alternative schooling||game-based learning||game-based teaching||alternative education||public schools||New York schools||New York City schools||NYC schools||Q2L||curriculum map||budget||creative schools||games and learning |
| 856 ## - ELECTRONIC LOCATION AND ACCESS | |
| Uniform Resource Identifier | <a href="https://doi.org/10.7551/mitpress/8909.001.0001">https://doi.org/10.7551/mitpress/8909.001.0001</a> |
| 942 ## - ADDED ENTRY ELEMENTS (KOHA) | |
| Koha item type | E-Books |
| Withdrawn status | Lost status | Damaged status | Not for loan | Home library | Current library | Date acquired | Total Checkouts | Date last seen | Price effective from | Koha item type |
|---|---|---|---|---|---|---|---|---|---|---|
| Kerala University of Digital Sciences, Innovation and Technology Knowledge Centre | Kerala University of Digital Sciences, Innovation and Technology Knowledge Centre | 15/06/2022 | 15/06/2022 | 15/06/2022 | E-Books |